000 00660nam a2200217 4500
999 _c371329
_d371329
008 210119b ||||| |||| 00| 0 eng d
020 _9978-3-96982-031-5
040 _bger
_cDE-2950
_erda
_aDE-2950
041 _ager
100 _aKupsch, Nadja:
245 _aArchitekt - Autor - Avantgardist:
_bBruno Taut in Dahlewitz /
_cNadja Kupsch
264 _c2021
300 _a30 S.
490 _aFrankfurter Buntbücher
_v69
600 _aTaut, Bruno; Architekt, 1880-1938
773 _dFrankfurt (Oder): Kleist-Museum, 2021
_tFrankfurter Buntbücher
_gBd. 69, S. 4-31
942 _cA